00353nam a2200133Ia 4500008004100000041000800041082001600049100002100065245004700086250001400133260003500147300003000182365000700212240624s9999 xx 000 0 und d aeng a332.632 FIS aFISCHER DONALD E aSECURITY ANALYSIS AND PORTFOLIO MANAGEMENT a(6th ed.) c2003aNew DelhibPrentice-Hall axi, : 691 : p. : cm. ; 24 cRS